| 000 | 01342nam a22003017a 4500 | ||
|---|---|---|---|
| 999 |
_c29558 _d29529 |
||
| 003 | EG-ScBUE | ||
| 005 | 20211005121055.0 | ||
| 008 | 211005s2002 mr f 000 0 ara d | ||
| 017 | _a2002/2029 | ||
| 020 | _a9981263257 | ||
| 040 |
_aEG-ScBUE _bara _erda _cEG-ScBUE _dEG-ScBUE |
||
| 043 | _ama----- | ||
| 082 | 0 | 4 |
_a371.330956 _bت ك ن _222 |
| 111 | 2 |
_aالدورة التدريبية حول التكنولوجيا الحديثة وتطبيقاتها في مراحل التعليم _d2001 _cدمشق، _eمؤلف. |
|
| 245 | 0 | 2 | _aالتكنولوجيا الحديثة وتطبيقاتها في مراحل التعليم. |
| 264 | 1 |
_aالرباط : _bمنشورات المنظمة الإسلامية للتربية والعلوم والثقافة - إيسيسكو، _c2002. |
|
| 300 |
_a142 صفحة ؛ _c24 سم |
||
| 336 |
_2rdacontent _aنص _btxt |
||
| 337 |
_2rdamedia _aبدون وسيط _bn |
||
| 338 |
_2rdacarrier _aمجلد _bnc |
||
| 541 | _cDonation. | ||
| 650 | 7 |
_aالتكنولوجيا _xخدمات المعلومات _zالدول العربية. _2BUEsh |
|
| 650 | 7 |
_aالتكنولوجيا والتربية _zالدول العربية. _2BUEsh |
|
| 650 | 7 |
_aالتعليم الإلكتروني. _zالدول العربية. _2BUEsh |
|
| 653 |
_bGGEN _cOctober2021 |
||
| 655 |
_vReading book _934232 |
||
| 942 | _2ddc | ||